Loading...
| Any History | 6 | 16.67 | 100% | 33% | 33% |
| Current Events | 6 | 18.33 | 100% | 83% | 0% |
| Fine Arts - Classical Music | 8 | 15.00 | 100% | 50% | 0% |
| Fine Arts - Other | 9 | 16.67 | 89% | 44% | 33% |
| Geography | 3 | 20.00 | 100% | 100% | 0% |
| History - American | 4 | 12.50 | 100% | 25% | 0% |
| History - European | 10 | 10.00 | 80% | 20% | 0% |
| History - World | 9 | 11.11 | 100% | 11% | 0% |
| Literature - American | 7 | 15.71 | 100% | 43% | 14% |
| Literature - British | 6 | 11.67 | 100% | 17% | 0% |
| Literature - European | 5 | 16.00 | 100% | 40% | 20% |
| Literature - World | 10 | 16.00 | 100% | 60% | 0% |
| Mythology | 7 | 11.43 | 86% | 0% | 29% |
| Other Academic | 6 | 15.00 | 100% | 50% | 0% |
| Painting & Sculpture | 3 | 16.67 | 100% | 67% | 0% |
| Philosophy | 10 | 9.00 | 60% | 20% | 10% |
| Religion | 8 | 17.50 | 100% | 63% | 13% |
| Science - Biology | 4 | 7.50 | 75% | 0% | 0% |
| Science - Chemistry | 9 | 13.33 | 89% | 44% | 0% |
| Science - Other | 7 | 11.43 | 86% | 29% | 0% |
| Science - Physics | 6 | 13.33 | 100% | 33% | 0% |
| Social Science | 7 | 15.71 | 100% | 57% | 0% |